[Event "Yerevan zt 1.5"]
[Site "Yerevan"]
[Date "2000.06.15"]
[Round "9"]
[White "Nikolaidis, Ioannis"]
[Black "Nalbandian, Tigran"]
[Result "1-0"]
[WhiteElo "2530"]
[BlackElo "2448"]
[Annotator "Ribli,Z"]
[PlyCount "83"]
[EventDate "2000.06.07"]
[EventType "swiss"]
[EventRounds "9"]
[EventCountry "ARM"]
[SourceTitle "CBM 078"]
[Source "ChessBase"]
[SourceDate "2000.10.18"]
[SourceVersion "1"]
[SourceVersionDate "2000.10.18"]
[SourceQuality "1"]

1. d4 {Meulders} Nf6 2. c4 d6 3. Nc3 Nbd7 4. Nf3 e5 5. Bg5 {Meulders: 'Die
Ergebnisse im Megadatabase mit diesem Zug sind hervorragend für Weiss: 61%!'
Diese Variante wird relativ selten gespielt, sie führt zu interessantem Spiel.}
(5. e4 {Das wäre die Hauptfortsetzung, wonach Schwarz zwischen 5...g6 
(Koenigsindische Verteidigung) und 5...Be7 (Alt-Indische Verteidigung) wählen
kann.}) 5... Be7 6. Qc2 c6 7. O-O-O {Die lange Rochade ist eher untypisch für
geschlossene Eröffnungen. Weiß hat eine bequeme Stellung, kann sich schnell
entwickeln und bekommt Angriffschancen. Aber es gibt viele taktische Motive.} (
7. e3 {Meulders} O-O 8. O-O-O Ng4 9. Bxe7 Qxe7 10. h3 Ngf6 11. g4 Re8 12. g5
Nh5 13. Be2 Nf8 14. dxe5 dxe5 15. h4 g6 16. Nd2 $14 {Mohr,S-Werner,D Budapest
Cansys 1991 EXP/23}) 7... Qa5 (7... O-O $2 8. dxe5 dxe5 9. Nxe5 Qa5 10. Nf3 $16
) (7... exd4 {Meulders} 8. Nxd4 Nc5 9. e4 O-O 10. Nf5 Bxf5 11. exf5 Re8 12. Be3
Nfd7 13. h4 a5 14. g4 Bxh4 15. Rxd6 Qe7 16. Rd2 h6 17. Rh3 Bf6 18. f4 $6 (18.
Re2 $11) 18... Qxe3 $6 {/!?} (18... Bxc3 $5 19. bxc3 Ne4 20. Rd1 Ndf6 21. g5
Qa3+ 22. Qb2 Qxb2+ 23. Kxb2 Ng4 $17) 19. Rxe3 Rxe3 20. Re2 Rg3 21. Rg2 Rf3 22.
Rf2 Rg3 23. Rg2 (23. Be2 Bxc3 24. bxc3 Nf6 25. g5 Ng4 26. Rf3 Rg2 $17) 23...
Rf3 24. Rf2 Rg3 {1/2-1/2 Parker,J-King,D/Dublin 1993/CBM 34 ext (24)}) (7...
Qc7 {Meulders} 8. e3 a6 9. g4 (9. Bd3 b5 10. dxe5 dxe5 11. Kb1 b4 12. Bxf6 Nxf6
13. Ne4 g6 14. Nxf6+ Bxf6 15. h4 Bg4 16. Rd2 a5 17. Ng5 Bg7 18. c5 h6 19. Ne4
O-O 20. Nd6 $16 {1-0 Clara,H-Roos,T/Germany 1988/GER-chT2 (33)}) 9... Qa5 10.
Bh4 b5 11. g5 Nh5 12. dxe5 dxe5 13. Bh3 b4 14. Na4 Nc5 15. Bxc8 Rxc8 16. Nxc5
Qxc5 17. Bg3 Bd6 18. Nd2 Bc7 19. Ne4 Qa5 20. Kb1 $14 {1-0 Christiansen,
L-Blatny,P/Thessaloniki 1988/TD (28)}) (7... Ng4 {Meulders} 8. Bxe7 Qxe7 9. e3
Ngf6 10. Bd3 a6 11. Rhg1 b5 12. g4 bxc4 13. Bxc4 Nb6 14. dxe5 dxe5 15. g5 Nfd7
16. Ne4 O-O 17. Bb3 $6 (17. g6 $1 hxg6 (17... Nxc4 18. gxh7+ Kh8 19. Qxc4 $18)
18. Rxg6 Nxc4 19. Qxc4 Nb6 20. Qb3 Bf5 (20... Be6 21. Rxe6 fxe6 22. Nxe5 $1 $16
) 21. Rg5 Bxe4 22. Rxe5 Qf6 23. Rxe4 Qxf3 24. Rf4 $16) 17... c5 18. g6 c4 19.
gxf7+ (19. gxh7+ Kh8 20. Ba4 $14) 19... Kh8 20. Neg5 Nf6 21. Nh4 {/\Qxh7+ Nxh7
Ng6#} e4 22. Ba4 {1/2-1/2 Adorjan,A-Rajkovic,D/Vrsac 1983/MCD (22)} (22. Bxc4
$2 Nxc4 23. Qxc4 Bg4 $17)) 8. e3 (8. h4 {Meulders} h6 9. Bd2 Qc7 10. e3 Ng4 11.
Be1 Ndf6 12. Bd3 a6 13. Kb1 Be6 14. Ne4 b5 15. dxe5 dxe5 16. Nxf6+ gxf6 $6 (
16... Nxf6) 17. Bf5 $14 {1/2-1/2 Christiansen,L-Yermolinsky,A/USA-ch 1994/CBM
44 (66)}) 8... O-O 9. Bd3 Re8 {[%cal Gd7f8] Schwarz bereitet den Zug 10...Nf8
vor.} 10. Kb1 {Dieser prophylaktische Zug ist typisch für Varianten mit langer
Rochade - Weiß bringt den König in Sicherheit. Aber auch der sofortige
Angriffszug 10.g4 kommt stark in Betracht.} (10. g4 $5 exd4 (10... Nf8 11. h3 (
11. Bxf6 {Meulders} Bxf6 12. g5 Bd8 13. Rdg1 Be6 14. a3 (14. h4 b5 15. cxb5 Bd5
16. e4 Bxa2 17. Nxa2 Qxa2 18. Bc4 Qa1+ 19. Kd2 Qa5+ 20. Kd1 Bb6 $15 {0-1 Jose
Abril,R-Moles Palleja,P/Barcelona 1995/EXT 98 (40)}) 14... b5 15. cxb5 Rc8 16.
bxc6 Rxc6 17. Kb1 Be7 18. Qa4 Qb6 19. Qb5 Rb8 20. Qxb6 Rcxb6 21. b4 $13 {
1-0 Jose Abril,R-Moran,A/Catalunya 1996/EXT 99 (29)}) 11... Be6 12. Kb1 Rac8
13. Bh4 {'+/=' Meulders. Meulders: 'Novikov,I-Gorbatov,A Moscow op 1990 EXP/19'
} b5 14. dxe5 dxe5 15. Bxf6 Bxf6 16. Ne4 Be7 17. Nxe5 {1-0 Novikov,I-Gorbatow,
A/Moscow 1990/EXT 2000 (53)}) 11. exd4 Nf8 12. h3 Be6 (12... a6 13. Rhe1 Be6
14. Bd2 Qd8 15. Ng5 Bd7 16. f4 b5 17. c5 h6 18. cxd6 Bxd6 19. Nce4 Nxe4 20.
Nxe4 Be6 21. Kb1 Bd5 22. g5 {1-0 Galliamova,A-Prokopchuk,E/Novgorod 1999/CBM
69 ext (36)}) 13. Bd2 Qc7 14. g5 Nh5 15. d5 cxd5 16. cxd5 Bd7 17. Nh4 Rac8 18.
Be2 g6 19. Bxh5 gxh5 20. Nf5 {1-0 Vaisser,A-Larsen,B/Mesa 1992/TD (33)}) (10.
h4 a6 (10... exd4 {Meulders} 11. exd4 Nf8 12. Rde1 Be6 13. Bd2 Qd8 14. Ng5 d5
15. c5 b6 16. Ne2 Ne4 17. Nf4 Bxg5 18. hxg5 g6 19. Bxe4 dxe4 20. Re3 Qxd4 21.
a3 Qc4 $15 {1/2-1/2 Christiansen,L-Hort,V/SUI 1996/CBM 55 ext (31)}) 11. Kb1 h6
12. dxe5 dxe5 13. Bf5 hxg5 14. hxg5 e4 15. gxf6 {'+-' Meulders. Meulders: '1-0
Navrotescu,C-Baciu,S/Baile Tusnad 1999/EXT 2000 (23)'} Qxf5 16. fxe7 Nf6 17.
Nd4 Qe5 18. f3 Qxe7 19. g4 exf3 20. g5 Ne4 21. Qh2 Nxc3+ 22. Ka1 f5 23. g6 {
1-0 Navrotescu,C-Baciu,S/Baile Tusnad 1999/EXT 2000 (23)}) 10... Nf8 {Meulders:
'Ziehen wir mal Bilanz. Die schwarze Stellung ist nicht sehr aktiv aber
ziemlich fest. Der Punkt h7 ist doppelt gesichert, aber f7 ist nur vom König
geschützt, weil die schwarze Dame sich auf a5 statt c7 gewagt hat. Falls ein
Springer auf g5 erscheint - wie in der Partie - kann das Probleme geben.'} 11.
h4 (11. Bxf6 {Meulders} Bxf6 12. Ne4 Be7 13. Neg5 g6 14. h4 Bg4 15. c5 exd4 16.
cxd6 Bxg5 17. hxg5 Rad8 18. exd4 Rxd6 (18... Bxf3 $5 19. gxf3 Qxg5 20. Qc5 Ne6
21. Qxa7 Rxd6 $17) 19. Qc3 Rd5 20. Rde1 Rxe1+ 21. Nxe1 Rxg5 $17 {0-1 Bernard,
C-Chomet,P/FRA-chT 1989/TD (53)}) (11. c5 {Meulders} e4 $2 (11... exd4 12. cxd6
Bxd6 13. Bxf6 dxc3 14. Bxc3 Bb4 $1 (14... Qc7 $2 15. Ng5 g6 16. h4 $16) 15.
Bxb4 Qxb4 16. Ng5 Qh4 17. Ne4 $11) 12. Nxe4 Nxe4 13. Bxe4 dxc5 14. Bxe7 Rxe7
15. dxc5 $16 {1-0 Karsa,L-Toth,J/Zalakaros 1991/TD (45)}) 11... e4 $2 {'!?'
Meulders. Meulders: 'Es erscheint Wahnsinn diesen stolzen Bauer bloss her zu
geben, aber Schwarz hat natürlich eine taktische Idee im Sinne: nachdem der
weissfeldrigen Laüfer verschwunden ist, kontte er mit Bc8 die Stellung von Kb1
ausnützen.Die Idee an sich ist kühne, aber m.E. zu optimistisch.' Opfert
Schwarz einen Bauern? Oder gewinnt er eine Figur? Das wäe doch zu schön um
wahr zu sein. Statt dessen sollte Schwarz besser Gegenspiel am Damenflügel
suchen.} (11... a6 12. Bxf6 Bxf6 13. Ne4 (13. d5 c5 14. Bf5 b5 15. g4 Be7 16.
Ng5 g6 17. Bxc8 Raxc8 18. Nge4 Rb8 19. f4 exf4 20. exf4 bxc4 {'-/+' Meulders.
Meulders: '1/2-1/2 Costa,J-Padevsky,N/Gelsenkirchen 1991/CBM 25/[Ribli] (23)'}
21. g5 Nd7 22. Rdf1 (22. h5 $1) 22... f5 23. Nf2 Bf8 {1/2-1/2 Costa,J-Padevsky,
N/Gelsenkirchen 1991/CBM 25/[Ribli] (23)}) 13... Be7 14. Neg5 Bxg5 15. Nxg5 g6
16. h5 f5 {'?!' Meulders.} (16... exd4 {Meulders} 17. Ne4 $14) 17. hxg6 hxg6
18. dxe5 Qxe5 19. f4 {'+-' Meulders. Meulders: '1-0 Kahn,E-Habibi,A/Budapest
1995/EXT 97 (56)'} Qf6 20. Rh3 {1-0 Kahn,E-Habibi,A/Budapest 1995/EXT 97 (56)})
(11... Bg4 {Meulders} 12. dxe5 dxe5 13. Bf5 Bxf3 14. gxf3 Rad8 15. Rxd8 Qxd8
16. Rg1 Kh8 17. Bxf6 (17. Rd1 Qa5 18. f4 exf4 19. Bxf4 $14) 17... Bxf6 18. h5
Qc7 {1/2-1/2 Lebredo,G-Frias,V/Bayamo 1983/MCD (18)}) 12. Nxe4 $5 (12. Bxe4
Nxe4 13. Nxe4 Bf5 (13... Bxg5 14. Nxd6 (14. Nfxg5 Bf5 15. d5 h6 16. Nf6+ gxf6
17. Qxf5 fxg5 18. hxg5 $40) (14. Nexg5 f6 $17)) 14. Nfd2 $5 d5 15. Bxe7 Rxe7
16. Nf6+ gxf6 17. Qxf5 $18) 12... Nxe4 13. Bxe4 Bxg5 14. Nxg5 (14. hxg5 $4 Rxe4
15. Qxe4 Bf5 $19 {[%cal Rf5b1]}) 14... h6 {Alles ist forciert - bei anderen
Fortsetzungen behält Schwarz am Ende einen Bauern weniger, ohne Gegenspiel.}
15. Bh7+ Nxh7 (15... Kh8 $4 {Meulders} 16. Nxf7#) 16. Qxh7+ Kf8 {Meulders: '/\.
..Bf5+ -+'} 17. d5 $1 {[%cal Gd1d8][%mdl 128] Damit vermeidet Weiß das Motiv
Bf5+ und bringt den Rd1 ins Spiel.} (17. Qh8+ {Meulders} Ke7 18. Qxg7 hxg5 19.
Qxg5+ Qxg5 20. hxg5 Bf5+ $17) 17... hxg5 18. hxg5 $40 Qd8 (18... cxd5 19. Qh8+
(19. Rxd5 {Meulders} Qc7 20. c5 $1 dxc5 21. Qh8+ Ke7 22. Qxg7 Qc6 $8 23. Qe5+ (
23. Re5+ Be6 24. g6 Rf8 25. gxf7 Rxf7 26. Qg5+ Kd7 $15) 23... Qe6 $8 24. Qc7+
Kf8 25. Qxc5+ $14) 19... Ke7 20. Qxg7 Bf5+ 21. Ka1 d4 22. Qf6+ Kd7 23. Rxd4 $40
) (18... Re5 $6 19. Qh8+ Ke7 20. Qxg7 Bf5+ 21. Ka1 cxd5 22. Qf6+ Kd7 23. f4 $18
) (18... Qc5 {Meulders} 19. Qh8+ Ke7 20. Qxg7 Bf5+ 21. Ka1 Bg6 22. f4 $1 $40)
19. Qh8+ Ke7 20. Qxg7 $16 {Weiß hat drei Bauern und chancenreichen Angriff für
die Figur. Der schwarze König steht unsicher in der Mitte des Brettes.} Rg8 (
20... Bf5+ 21. Ka1 $18 {[%csl Re7][%cal Rg7f6,Rf6e7,Rf6f5]}) 21. Qf6+ Ke8 (
21... Kd7 22. Qxf7+ $18) 22. dxc6 {Weiß kann alles mit Tempo spielen.} Qxf6 (
22... bxc6 23. Rxd6 Qxf6 24. gxf6 $16 {Das ist nur eine Zugumstellung zur
Partiefortsetzung.}) 23. gxf6 bxc6 24. Rxd6 {[%mdl 1024] Meulders: 'Mit vier
Bauern für den Läufer steht Weiss auf Gewinn.' Weiß hat bereits vier Bauern
für die Figur. Besonders unangenehm für den schwarzen König ist der Pf6.} Bf5+
25. Kc1 Rd8 {Schwarz gibt noch den fünften Bauern her, mit der Absicht, das
Spiel zu vereinfachen.} (25... Rc8 26. b3 $16) 26. Rxc6 Rc8 (26... Rxg2 {
Meulders} 27. Rc7 $18) 27. Rxc8+ Bxc8 28. Rh2 (28. g3 Rg6 $16) 28... Kd7 {
Endlich aktiviert Schwarz seinen König.} (28... Bb7 29. f3 $16) 29. f3 {
Mit diesem Zug schränkt Weiß die Aktivität des Läufers ein.} Ke6 30. g4 Kxf6
31. Kd2 {Weiß verbessert nun auch die Stellung seines Königs.} Bb7 32. Rh5 Rg5
(32... Bxf3 33. Rf5+ $18) 33. Rxg5 Kxg5 34. Ke2 $18 {'!' Meulders. Das
Endspiel ist gewonnen für Weiß - seine Drohung ist klar: die Bauern rücken
nach entsprechender Vorbereitung voran.} (34. e4 $2 Kf4 $132 (34... Kf4 {
Meulders} 35. Ke2 a5)) 34... a5 35. b3 Ba6 36. Kf2 a4 (36... Kh4 {Meulders} 37.
e4 Kg5 38. Kg3) 37. Kg3 {Weiß beschäftigt sich natürlich nicht mit dem Pa4, er
möchte f3-f4 ziehen.} f5 38. f4+ Kg6 39. g5 {[%csl Gg5] Weiß hat einen gut
verteidigten Freibauer auf g5. Dadurch ist der schwarze König gebunden.} a3 40.
Kf2 Bb7 41. Ke2 Be4 42. Kd2 {Das schwarze Gegenspiel kommt zu spät, Weiß
gewinnt leicht mit seinen Bauern.} (42. Kd2 Bb1 43. Kc3 Bxa2 44. Kc2 $18 (44.
Kb4 $18) (44. Kb4 $18 {Meulders})) 1-0

[Event "CRO-ch"]
[Site "Slavonski Brod"]
[Date "1995.??.??"]
[Round "?"]
[White "Kovacevic, Vlatko"]
[Black "Marangunic, Srdjan"]
[Result "1-0"]
[WhiteElo "2520"]
[BlackElo "2445"]
[Annotator "Ribli,Z"]
[PlyCount "111"]
[EventDate "1995.02.??"]
[EventType "tourn"]
[EventRounds "13"]
[EventCountry "CRO"]
[EventCategory "10"]
[SourceTitle "CBM 048"]
[Source "ChessBase"]
[SourceDate "1995.10.01"]
[SourceVersion "1"]
[SourceVersionDate "1995.10.01"]
[SourceQuality "1"]

1. d4 d6 2. c4 Nf6 3. Nc3 Nbd7 4. Nf3 e5 5. Bg5 Be7 6. e3 Ng8 7. Bxe7 Qxe7 {
Das ist offenbar eine Neuerung.} (7... Nxe7 8. Be2 O-O 9. O-O exd4 10. Nxd4 Nc6
11. Nd5 Nxd4 12. Qxd4 $14 {Gulko,B-Kochiyev,A/Lvov/1978/INF25,122/}) 8. Be2
Ngf6 9. Qc2 O-O 10. h3 c6 11. g4 $5 exd4 (11... e4 $2 12. Nd2 d5 13. cxd5 cxd5
14. g5 Ne8 15. Nxd5 Qxg5 16. Nf4 $18) 12. exd4 $5 {12.Nxd4 kommt auch in Frage.
} Re8 13. O-O-O Nf8 14. Rhe1 $1 {Weiss will die e-Linie erobern, deswegen
spielte er 12.exd4.} Qd8 15. Bd3 Rxe1 16. Rxe1 a6 17. Ng5 b5 18. f4 Ra7 19. Qf2
Re7 20. a3 Rxe1+ 21. Qxe1 Qc7 {Droht bxc4,d5 und die f4P haengt.} (21... Qe8 $5
) 22. Qe3 $1 {Weiss deckt den f4P.} Qd8 23. Kd2 Bd7 24. f5 $1 {Weiss
verbessert seine Stellung thematisch durch Raumgewinn.} Bc8 25. Qf4 Bb7 26. b4
Ne8 27. c5 $1 d5 (27... dxc5 28. dxc5 $16) 28. Nf3 Qc7 29. Ke3 Qxf4+ 30. Kxf4
f6 {Schwarz geraet nun in eine sehr passive Stellung und seine P am Qfluegel 
(alle am weissen Feld!) sind nicht besonders "stark".} 31. h4 Kf7 32. g5 Bc8
33. Ne2 Bd7 34. Nc1 h6 35. gxh6 $1 {Der h6P ist auch schwach.} gxh6 36. Nb3 Ng7
37. Na5 Ke7 38. Nh2 {Droht /\ Ng4.} Nh5+ 39. Kg4 Ng7 40. Nf1 Be8 41. Ng3 Kd7 (
41... Bd7 42. Nh5 $1 $16) 42. Nb7 Ke7 43. Be2 Bf7 44. Na5 Be8 45. Kf4 Kd7 46.
Nb3 Ke7 47. Nd2 Kf7 (47... Kd7 48. Ndf1 $16 {Der Nf1 zielt nach g4.}) 48. Nh5
$1 Bd7 49. Nxg7 Kxg7 50. Bh5 Bc8 51. Nb3 Bd7 52. Na5 Nh7 53. Nb7 Kg8 54. Nd6
Kg7 55. Bg6 Kg8 56. Kg4 {Droht einfach Kh5,Nf7 und Weiss gewinnt. Kovacevic
hat seinen kleinen Vorteil mit sehr guter Technik zum Sieg verwertet.} 1-0

[Event "RUS-ch U18"]
[Site "Moscow"]
[Date "1995.??.??"]
[Round "3"]
[White "Shariyazdanov, Andrey"]
[Black "Genba, Vladimir"]
[Result "1-0"]
[WhiteElo "2460"]
[BlackElo "2440"]
[Annotator "Ribli,Z"]
[PlyCount "143"]
[EventDate "1995.??.??"]
[EventType "tourn"]
[EventRounds "11"]
[EventCountry "RUS"]
[EventCategory "8"]
[SourceTitle "CBM 046"]
[Source "ChessBase"]
[SourceDate "1995.06.01"]
[SourceVersion "1"]
[SourceVersionDate "1995.06.01"]
[SourceQuality "1"]

1. d4 {Hecht} Nf6 2. c4 d6 3. Nc3 e5 4. Nf3 Nbd7 5. Bg5 $5 {Diese Fortsetzung
gibt einen kleinen aber dauerhaften Vorteil fuer Weiss.} Be7 6. e3 c6 7. Qc2
O-O 8. Bd3 (8. O-O-O $5 Qc7 9. Bd3 Re8 10. h3 Nf8 11. Bh4 b6 12. dxe5 dxe5 13.
g4 $14 {Novikov,I-Hjartarson,J/Tilburg/1992/CBM32/INF56,(75)/}) 8... exd4 9.
exd4 Re8 10. O-O h6 {Genba verbessert seine Partie gegen Belozerov St.
Petersburg 1994.} (10... Nf8 11. h3 h6 12. Be3 Ne6 13. Rad1 d5 14. Ne5 $14 {
Belozerov-Genba/St. Petersburg/1994 ;EXP 43}) 11. Bd2 Nf8 12. h3 Ne6 13. Rfe1
Bf8 {Zu beachten ist 13...d5} 14. d5 $5 {Weiss verbessert seine Stellung
thematisch durch Raumgewinn.} Nc7 15. Rxe8 Qxe8 16. Re1 Qd8 17. dxc6 bxc6 18.
Ne4 Nxe4 19. Bxe4 d5 {Die einzige Moeglichkeit ist fuer den Nachziehenden,
sonst bekommt er eine sehr passive Stellung.} 20. cxd5 cxd5 21. Bh7+ $5 {
Weiss waehlt einen positionellen Weg.} (21. Ba5 dxe4 22. Bxc7 Qd3 (22... Qd5
23. Qxe4 Be6 24. Qxd5 Bxd5 25. b3 $14) 23. Qc6 exf3 24. Qxa8 Qd2 25. Qe4 Bb7
$14 {Schwarz hat Kompensation fuer die Qualitaet, aber wahrscheinlich nicht
ganz genueg.}) 21... Kh8 22. Ba5 Bd6 23. Bd3 $6 {Weiss koennte seinen Vorteil
mit 23.Nd4! verstaerken.} (23. Nd4 $1 {[#]} g6 $6 24. Bxg6 $1 fxg6 25. Qxg6 $18
{Der weisse Angriff sieht uebermaechtig aus.}) 23... Be6 24. Nd4 Qd7 25. Qe2
Bc5 26. Qe5 Re8 $6 {Ein Fehler in schlechter Stellung. Schwarz verliert jetzt
einen Bauern.} (26... Bb6 27. Bc3 $16 {Schwarz hat Schwierigkeiten mit der
Diagonale c3-g7.}) 27. Bxc7 Bxd4 28. Qxd4 Qxc7 29. Qxd5 $1 Rd8 30. Qe4 g6 31.
Qe3 Kg7 32. a3 a5 33. Be4 Qe5 34. b4 $1 {Schwarz hat einen Bauern mehr, den er
in der Folge zum Sieg verwertet.} Rc8 35. Qd2 axb4 36. axb4 Rc4 37. Bf3 Qb8 (
37... Qc3 38. Qxc3+ Rxc3 39. Rb1 Bf5 40. Rb2 $18) 38. Rb1 Bf5 39. Rb2 Qc7 {
Droht Rc1} 40. g4 $1 Be4 41. Bxe4 Rxe4 42. b5 Qb6 43. Rb4 Re6 {Der Turmtausch
gibt auch nicht viele Ueberlebenchancen.} 44. Qd4+ Qxd4 45. Rxd4 Re1+ {Hecht:
Schwarz spielt seinen R riochtig hinter den Freibauern. Mit seinem König
verhält er sich im 47..Zug aber zu passiv..} 46. Kg2 Rb1 47. Rd5 {Ein
Lehrbeispiel zur Theorie der Turmendspiele.} g5 $6 (47... Kf6 $142 $5 {Hecht:
Dieser Zug gibt bessere Rettungchancen.} 48. Rc5 Ke6 $16) 48. Kf3 Rb3+ (48...
Kf6) 49. Ke4 Rxh3 50. Rd3 $1 Rh4 51. f3 Rh1 52. Rb3 Re1+ 53. Kd5 Rd1+ 54. Kc6
Rc1+ 55. Kd7 Rd1+ 56. Kc8 Rc1+ 57. Kb8 f5 58. b6 fxg4 59. fxg4 h5 (59... Rc4 {
Verliert auch} 60. b7 Rxg4 61. Kc7 Rc4+ 62. Kb6 $18) 60. gxh5 Kh6 61. b7 Kxh5
62. Ka7 Rc7 63. Ka6 $1 Rxb7 64. Rxb7 Kg4 (64... g4 65. Kb5 g3 66. Rg7 Kh4 67.
Kc4 Kh3 68. Kd3 g2 69. Ke2 Kh2 70. Kf2 $18) 65. Kb5 Kf3 66. Kc4 g4 67. Kd3 g3
68. Rf7+ Kg2 69. Ke2 Kg1 70. Rg7 g2 71. Kf3 Kh1 72. Kf2 $1 {Natuerlich nicht
72.Rg2?? und remis} 1-0

[Event "RUS-chT 03rd"]
[Site "Kazan"]
[Date "1995.??.??"]
[Round "7"]
[White "Fominyh, Alexander"]
[Black "Prokopchuk, Evgeny"]
[Result "1-0"]
[WhiteElo "2515"]
[BlackElo "2365"]
[Annotator "Ribli,Z"]
[PlyCount "77"]
[EventDate "1995.??.??"]
[EventType "team-tourn"]
[EventRounds "9"]
[EventCountry "RUS"]
[SourceTitle "CBM 051"]
[Source "ChessBase"]
[SourceDate "1996.04.01"]
[SourceVersion "1"]
[SourceVersionDate "1996.04.01"]
[SourceQuality "1"]
[WhiteTeam "Novosibirsk New Siberia"]
[BlackTeam "Surgut Fakel-Surgutgazprom"]
[WhiteTeamCountry "RUS"]
[BlackTeamCountry "RUS"]

1. d4 Nf6 2. Nf3 d6 3. g3 Nbd7 4. Bg2 e5 5. c4 c6 6. Nc3 e4 $6 {Dieser Zug
gefaellt mir nicht. Ich meine, dass Schwarz erst seine Entwicklung beenden
soll.} (6... Be7 $5) 7. Nh4 $5 (7. Ng5 d5 8. cxd5 (8. O-O $5) 8... cxd5 9. Qb3
Nb6 10. O-O h6 11. Nh3 a5 $13 {Wojtkiewicz,A-Hickl,J/Altensteig/1995/CBM49/}) (
7. Nd2 d5 8. O-O Be7 9. a4 $5 $13 {Ibragimov,I-Prokopchuk,E/St.Petersburg op/
1994/EXP43/}) 7... Nb6 (7... d5 8. cxd5 cxd5 9. Qa4 $1 Be7 10. Nf5 O-O 11.
Nxe7+ Qxe7 12. b3 $16 {Burger,K-Dzindzichasvili,R/New York/1980/INF30,130/}) 8.
Nxe4 (8. b3 d5 9. c5 Nbd7 10. f3 Qa5 11. Qd2 g5 $1 12. Nf5 Nxc5 $13 {
Timoschcenko,G-Serper,G/Irkutsk/1986/INF42,(71)/}) 8... Nxe4 9. Bxe4 Nxc4 10.
d5 $1 $146 {[#] Sehr starke Neuerung, die grosses Problem fuer den
Nachziehenden bringt.} (10. O-O d5 $10 {Goriatchkin,J-Genba,V/RUS-sf Kazan/
1995/EXP49/}) 10... Qa5+ 11. Kf1 Bh3+ 12. Bg2 Bxg2+ 13. Kxg2 Qxd5+ (13... cxd5
14. Qd4 Qc5 15. Rd1 $14 {Ungefaehr wie die Partie.}) 14. Qxd5 cxd5 15. Rd1 g6 (
15... Nb6 16. a4 a5 17. Be3 Nc4 18. Bd4 $16 {/\ b3}) 16. Rxd5 Bg7 17. Rb1 Ke7
18. b3 Nb6 19. Rd2 d5 {Sonst spielt Weiss Ba3 und der d6-Bauer bleibt ewig
schwach.} 20. Ba3+ Ke6 21. Nf3 {/\ Ng5} h6 {Jetzt verhinderte Schwarz die Ng5,
aber Weiss hat noch andere Drohungen in seiner Tasche.} 22. e4 $1 {[#]} Rhe8 (
22... dxe4 23. Rd6+ Kf5 24. Nh4+ Kg5 (24... Ke5 25. Rbd1 $18 {/\ Bb2}) 25. Bc1+
Kh5 26. Kh3 f5 27. Nxg6 $18) 23. exd5+ Kd7 (23... Nxd5 $4 24. Re1+ $18) 24. Bc5
{Der Gewinn ist nur noch eine Frage der Technik.} Rac8 25. Be3 Re4 26. h4 $1 {
Weiss will alle Gegenspiel am Koningfluegel verhindern.} Rc3 27. Ng1 $1 Rb4 28.
Ne2 Rc8 {/\ Nc4} 29. Rbd1 a5 30. Nd4 $1 {/\ a3} Na8 31. Rd3 h5 32. Nf3 {/\ Ng5}
Bf6 33. a3 Re4 34. Bg5 $1 Bb2 (34... Bxg5 35. Nxg5 Re7 36. d6 $18) 35. Nd2 Re2
36. Kf3 Re5 37. Nc4 Rf5+ 38. Kg2 Bg7 39. a4 {Schwarz hat nur einen Bauern
weniger, aber er kann fast nicht ziehen. Ribli} 1-0